00458nam a2200181Ia 450000500170000000800410001702000180005804100080007608200150008410000130009924500420011225000110015426000320016530000090019750000290020665000280023570000130026320251121151105.0230125s9999 xx 000 0 und d a9789386105530 aeng a158.1bSUN aSunley J aIt's Never Ok to Kiss The Interviewer aEd.1st c2017bViva BooksaNew Delhi a176p aPersonality Development  aPersonality Development aSunley J